• 首页
  • 本馆介绍
  • 公告通知
  • 最新文献
  • 馆藏检索
  • 电子资源
  • 读者导购
  • 参考咨询
  • 我的图书馆
  • 登录
  • 详细信息显示
  • 放入我的书架
  • 预约/预借图书
  • 作者相关作品
  • 分类相关作品
  • 丛书相关作品
  • 出版社相关作品

书目信息

  • 表格格式
  • 工作单格式
  • 卡片格式
题名:
光化学入门
    
 
作者: 博雷尔 , Borrell 著 ;刘后明 译
分册:  
出版信息: 北京   科学出版社  1987
页数: 107页
开本: 19cm
丛书名:
单 册:
中图分类: O644.1
科图分类:
主题词: 光化学
电子资源:
ISBN:
000 00710nam0 2200265 45
001 0187009381
005 20040913172345.0
010    @dCNY0.90
091    @a13031.3628
100    @a19900903d1987 em y0chiy0121 ea
101 1  @achi@ceng
102    @aCN@b110000
105    @ay z 001yy
106    @ar
200 10 @a光化学入门@Aguang hua xue ru men@f(英)博雷尔(Borrell,P.)著@g刘后明译
210    @a北京@c科学出版社@d1987
215    @a107页@d19cm
606    @a光化学
690    @aO644.1@v3
701  1 @a博雷尔@Abo lei er@bP.@4著
701 A1 @aBorrell@bP.@4著
702  0 @a刘后明@Aliu hou ming@4译
801  0 @aCN@b深圳图书馆@c20040913
801  2 @aCN@bNLC@c20040913
905    @f1@b203445@dO644.1@e6
    
    光化学入门/(英)博雷尔(Borrell,P.)著/刘后明译.-北京:科学出版社,1987
    107页;19cm
    
    
    ISBN :CNY0.90
    
●
相关链接 在E读中查询图书 在五车中查询图书 在当当中查询图书 在豆瓣中查询图书


正题名:光化学入门     索取号:O644.1/6         预约/预借

序号 登录号 条形码 馆藏地/架位号 状态 备注
1 0203445   001695605   密集书库/ [索取号:O644.1/6] 在馆    
2 0203446   000342828   第二样本阅览室/ [索取号:O644.1/6] 在馆    
唐山师范学院图书馆 欢迎您!
大连网信软件有限公司© 版权所有